The politics of households in Ottoman Egypt : the rise of the Qazdaglis /

Saved in:

Main Author: Hathaway, Jane, 1962- (Author)

Format: Book

Language: English

Series: Cambridge studies in Islamic civilization.

Subjects:

Tags: Add Tag

No Tags, Be the first to tag this record!

Call Number: HN786 .Z9 E46 1997

LEADER 01369namaa2200349 4500
001 20596
003 OSt
005 20210130064328.0
008 130303s1997 nyub g b 001 0 eng d
952 |0 0  |1 0  |2 lcc  |4 0  |6 HN0786 Z9 E46 01997  |7 1  |9 9853  |a ARCE  |b ARCE  |d 2021-01-30  |l 0  |o HN786 .Z9 E46 1997  |p 1001305  |r 2021-01-30 00:00:00  |w 2021-01-30  |y BK 
999 |c 18198  |d 18198 
010 |a 96005953 
020 |a 0521571103 
040 |c ARCE Library 
043 |a f-ua--- 
050 0 4 |a HN786 .Z9 E46 1997 
100 1 |a Hathaway, Jane,  |d 1962-  |e author  |9 31753 
245 1 4 |a The politics of households in Ottoman Egypt :  |b the rise of the Qazdaglis /  |c Jane Hathaway. 
264 1 |a New York, NY :  |b Cambridge University Press,  |c 1997. 
300 |a xv, 198 pages :  |b maps ;  |c 24 cm. 
336 |a text  |b txt  |2 rdacontent 
337 |a unmediated  |b n  |2 rdamedia 
338 |a volume  |b nc  |2 rdacarrier 
490 0 |a Cambridge studies in Islamic civilization. 
504 |a Includes bibliographical references (pages 180-189) and index. 
600 3 0 |a Qazdağlı family  |x Political activity.  |9 37994 
650 0 |a Elite (Social sciences)  |z Egypt  |x History  |y 18th century. 
650 0 |a Power (Social sciences)  |z Egypt  |x History  |y 18th century. 
650 0 |a Households  |x Political activity  |z Egypt  |x History  |y 18th century. 
651 0 |a Egypt  |x History  |y 1517-1882. 
901 |a reviewed 
942 |c BK  |2 lcc